000 00792nas a2200253 4500
001 BR7404813
003 BR-BrBNA
005 20231205082731.0
007 ta
008 230509b bl.|||p| |||| 00| 00por d
040 _aBR-BrBNA
_bpor
_cBiblioteca Nacional de Agricultura
041 _a(Pt)
072 _aQ10
100 1 _aOliveira, E.R. de
100 1 _aStupiello, J.P.
100 1 _aTavares, A.J.
245 1 _aProblemas do laboratorio acucareiro; 1: algumas observacoes sobre a dosagem dos solidos soluveis dos meis das usinas de acucar
650 _aACUCAR
650 _aBRIX
650 _aUSINA ACUCAREIRA
773 0 _tBrasil Acucareiro (Brazil)
_xISSN 0006-9167
_g(Apr 1974), v. 83(4) p. 10-15
_wBR7404813
909 _a202311
_bLúcia
_c55
_dLúcia Elande
942 _2AGRIS
_n0
_cANA
999 _c93920
_d93920